Quiz sur la planète Terre - Statistiques

Statistiques générales
  • Ce quiz a été pris 75 fois
  • Le résultat moyen est 7 sur 11
Statistiques - réponses
Questions Réponses % Correct
Quel élément recouvre la Terre à environ 72% ? Eau
97%
Combien d'humains peuplent la Terre ? 8 Milliards
92%
Quel est le seul satellite naturel de la Terre ? Lune
92%
Système dans lequel se trouve la Terre Système solaire
88%
En raison de cet élément, quelle est le surnom de la Terre ? La planète bleue
78%
Combien de plaques tectoniques principales compte notre planète ? 12
64%
Comme Mercure, Venus et Mars, à quelle catégorie de planètes appartient la Terre ? Planètes telluriques
42%
Quelle conception défend l'idée que la Terre serait au centre de l'Univers ? Géocentrisme
36%
Âge de la Terre 4,5 Milliards d'années
33%
Ordre d'éloignement de la Terre par rapport au Soleil Troisième
30%
Bien que ce ne soit pas la plus grande planète du système, la Terre possède un record parmi toutes les autres. Quel est-il ? Planète la plus dense
5%
Aucun quiz correspondant
Distribution des résultats
% des personnes avec chaque résultat
Percentile par nombre de réponses
Votre historique - résultats
Vous n’avez pas pris ce quiz